000 00335nam a2200157Ia 4500
100 _aGoyal/ S.C.
250 _a2
942 _cBK
654 _acommunication
245 _aPrinciples of communication Engg
260 _bTechnical Pub
_aPune
_c1996
082 _a621.382
_bGOY
300 _a248
546 _aENGLISH
999 _c19740
_d19740